Same Fate as the Poor (Record no. 9661)

MARC details
000 -LEADER
fixed length control field 00550nam a2200229 a 4500
020 ## - INTERNATIONAL STANDARD BOOK NUMBER
ISBN
082 00 - DEWEY DECIMAL CLASSIFICATION NUMBER
Classification number 201
Author Cutter NOO
100 ## - MAIN ENTRY--AUTHOR NAME
Author name Noone, M M Judith M
245 ## - TITLE STATEMENT
Title Same Fate as the Poor
260 ## - PUBLICATION, DISTRIBUTION, ETC. (IMPRINT)
Place of publication New York
Name of publisher Orbis Books
Year of publication 1984
300 ## - PHYSICAL DESCRIPTION
Number of Pages 170p
500 ## - GENERAL NOTE
General note includes index and biblioraphy
650 ## - SUBJECT ADDED ENTRY--TOPICAL TERM
Topical Term Christian-Biography
942 ## - ADDED ENTRY ELEMENTS (KOHA)
Koha item type Books
700 1# -
-- Noone, M M Judith M
Holdings
Collection code Home library Current library Date acquired Cost, normal purchase price Full call number Accession Number Koha item type
  Henry Martyn Institute Library Henry Martyn Institute Library 06/21/2007 585.00 201 NOO 017159 Books
                   Copyright © 2026 | Henry Martyn Institute | Hyderabad | TS-500052 | INDIA | Implemented by hmi.edu.in
Hit-Count:

Powered by Koha